| 000 | 00953nam a2200229 a 4500 | ||
|---|---|---|---|
| 001 | 000927 | ||
| 003 | BD-ChCU | ||
| 005 | 20251126122624.0 | ||
| 008 | 2014 bg 002 ben | ||
| 020 | _a9789849106012 | ||
| 040 |
_aDLC _cDLC _dBD-ChCU |
||
| 082 | 0 | 0 | _a২০০/আন১১বা |
| 100 | 1 | _aআনওয়ারী, মুহাম্মদ আবদুর রহমান । | |
| 245 | 1 | 0 | _aবাংলাদেশে তুলনামূলক ধর্মতত্ত্ব চর্চার স্বরুপ ও বিকাশধারা। |
| 246 | 1 | 0 | _aBangladesh Tulanamulok Darmo. |
| 260 |
_aঢাকা, বাংলাদেশ। _b।বিশ্ববিদ্যালয় মঞ্জুরী কমিশন। _c২০১৪। |
||
| 300 | _a400। | ||
| 504 | _aindex. Biblio: 395-400. | ||
| 650 | 0 | _aতুলনামূলক ধর্ম।ধর্ম। | |
| 650 | _aTulanamulok Darmo. | ||
| 942 |
_2ddc _cBK |
||
| 999 |
_c927 _d927 |
||